Hidráulica de canales (Registro nro. 21544)
[ vista simple ]
| 000 -Cabecera | |
|---|---|
| Campo de control interno | 00476nam a22002057a 4500 |
| 005 - Fecha y hora del registro | |
| control field | 20260312091216.0 |
| 008 - Elementos de Longitud Fija | |
| fixed length control field | 260312b |||||||| |||| 00| 0 spa d |
| 041 ## - Idioma | |
| Codigo Idioma | ESP |
| 082 ## - DEWEY y NOTACIÓN INTERNA | |
| Dewey | 627.13 |
| Notación Interna | V68 2015 |
| 100 ## - AUTOR | |
| Autor denominación | Villón Béjar, Máximo |
| 245 ## - TÍTULO DE MATERIAL BIBLIOGRÁFICO | |
| Título | Hidráulica de canales |
| 260 ## - CIUDAD, EDITORIAL, AÑO | |
| Ciudad | : |
| Nombre de la Editorial | , |
| Año | 2019 |
| 300 ## - DESCRIPCIÓN | |
| N° Páginas | 508 páginas : |
| Otros detalles | ; |
| Dimensiones | 21 cm. |
| Material Adicional | |
| 440 ## - MENCIÓN DE SERIE | |
| Título de la Serie | ; |
| 650 ## - TEMAS | |
| Temas | Tecnología (Ciencias Aplicadas) |
| 654 ## - PROGRAMAS | |
| Programa | Dpto. de Ingeniería Civil |
| 700 ## - OTROS AUTORES | |
| Otros autores | ; |
| 942 ## - ELEMENTOS DE KOHA | |
| Tipo de documento | Libro |
| Nombre del creador | Justo Noguera |
| Código de catalogador | Justo Noguera |
| Esquema de clasificación | Dewey Decimal Classification |
| Codigo completo | Registro | Colección | Copia número | Disponibilidad | Tipo de préstamo | Biblioteca Actual | Procedencia (Biblioteca) | Ubicacón | Fecha Ingreso | Tipo de Adquisición | Date last seen | Total checkouts | Price effective from | Tipo de Item | Estado del Material | Fuente de Clasificación | Damaged status | Withdrawn status |
|---|---|---|---|---|---|---|---|---|---|---|---|---|---|---|---|---|---|---|
| 627.13 V68 2015 | 1070511 | Universidad Católica San Pablo | 1 | Disponible | Disponible | Víctor Andrés Belaunde | Víctor Andrés Belaunde | Segundo piso | 12/03/2026 | Compra | 12/03/2026 | 12/03/2026 | Libro | Bueno | Dewey Decimal Classification | |||
| 627.13 V68 2015 | 1070512 | Universidad Católica San Pablo | 2 | Disponible | Disponible | Víctor Andrés Belaunde | Víctor Andrés Belaunde | Segundo piso | 12/03/2026 | Compra | 12/03/2026 | 12/03/2026 | Libro | Bueno | Dewey Decimal Classification |




